00654naa a2200157 i 45000010005000000030009000050050017000140080039000310400029000701000093000992450044001926500030002367730202002669420013004689990015004819917KOSZ 00520180412102840.0180411s1981 pl f f |000 0 pol cKOSZ 005/HRaKOSZ 005/HR aMAJKA, Krzysztof.d1978 - 1982.bWyższa Szkoła Inżynierska - Instytut Budowy Maszyn10aPomiary ciśnień /cKrzysztof Majka. 0aTermodynamika techniczna.0 iW :tMateriały pomocnicze do ćwiczeń laboratoryjnych z podstaw techniki cieplnej / pod red. Mariana Czapp. - dKoszalin : Wydaw. Uczelniane Wyższej Szkoły Inżynierskiej, 1981. -gs. 48-80 cROZ2UKD c9917d9917